000 00888pam a2200265 a 4500
001 516262
005 20170504200910.0
008 860602s1987 gaua b 001 0beng
010 _a 86012798
020 _a0865542341 (alk. paper) :
_c$19.95
040 _aDLC
_cDLC
_dDLC
100 1 _aShriver, George H.
245 1 0 _aPhilip Schaff :
_bChristian scholar and ecumenical prophet : centennial biography for the American Society of Church History /
_cby George H. Shriver.
260 _aMacon, Ga. :
_bMercer,
_cc1987.
300 _axii, 138 p. :
_bill. ;
_c24 cm.
336 _atext
337 _aunmediated
338 _avolume
500 _aIncludes index.
504 _aBibliography: p. [133]-136.
600 1 0 _aSchaff, Philip,
_d1819-1893.
650 0 _aChurch historians
_zUnited States
_xBiography.
650 0 _aTheologians
_zUnited States
_xBiography.
942 _2lcc
_cBK
999 _c40501
_d40501